01300nam a2200325 a 450000100060000000300080000600500170001400800410003102000280007202000290010003500190012904000390014804100080018704200080019508200220020310000440022524501800026926400610044926400110051030000440052133600210056533700250058633800230061149000340063450400510066865000170071965000260073670000400076277601720080286354BD-RjUL20260412120604.0260412t20152015enka b 001 0 eng c a9780470660232qhardback a9780470660225qpaperback a(BD-RjUL)86354 aOU/DLCbengcOUerdadDLCdBD-RjUL aeng apcc00223a510bMAM 20151 aMartin, B. R.q(Brian Robert),eauthor.10aMathematics for physicists /cB.R. Martin, Department of Physics and Astronomy, University College London, G. Shaw, Department of Physics and Astronomy, Manchester University. 1aChichester, West Sussex, United Kingdom :bWiley,c2015. 4c©2015 ax, 565 pages :billustrations ;c26 cm. atext2rdacontent aunmediated2rdamedia avolume2rdacarrier0 aThe Manchester physics series aIncludes bibliographical references and index. 0aMathematics. 0aMathematical physics.1 aShaw, G.q(Graham),d1942-eauthor.08iOnline version:aMartin, B. R. (Brian Robert), author.tMathematics for physicistsdHoboken, New Jersey : John Wiley & Sons Inc., 2015z9781118676615w(DLC) 2015013410